000
00330 a2200157 4500
001
73149
020
_a
040
_c
Anchieta - Colégio São Paulo
100
_a
Danelli, Sônia Cunha de S.
240
1
0
_a
Geografia
_l
por
245
1
0
_a
Geografia
300
_a
362
0
_a
0
650
4
_a
Geografia e viagens
942
_c
BK
999
_c
73149
_d
73149